| 000 | 01228nam a22002417a 4500 | ||
|---|---|---|---|
| 005 | 20250404154225.0 | ||
| 010 | _aB-666846 HIN-129631 | ||
| 020 |
_a9789380458748 _c400.00 |
||
| 020 | _c500.00 | ||
| 035 | _aB-666846 HN-101977 | ||
| 037 | _bDBAD/PUB. | ||
| 037 | _bKBD/VEN | ||
| 082 | _a921 | ||
| 100 |
_a सिंह,शरद _980344 |
||
| 245 |
_aराष्ट्रवादी व्यक्तित्व दीनदयाल उपाध्याय / _cशरद सिंह |
||
| 246 | _aDeendayal Upadhyay | ||
| 260 |
_aनई दिल्ली _bसामयिक बुक्स _c2017 |
||
| 260 | _c2023 | ||
| 270 |
_a3320-21, जटवाड़ा, नेताजी सुभाष मार्ग दरियागंज _bनई दिल्ली _cदिल्ली _e110002 _k011-23282733, 09811607086, 09868934715 _l011-23270715, |
||
| 300 |
_a176पृ _c22सेमी (सजिल्द) |
||
| 942 |
_adpl _cHN _2ddc _h921 _mशरद |
||
| 999 |
_c148901 _d148901 |
||